000 00412nam a2200157Ia 4500
003 GCL
008 140319s9999 xx 000 0 ara d
040 _aGCL /
_cGCL
082 0 4 _aكاسيت
_b413
_bف ع
100 1 _aفايزة احمد
245 1 0 _aعلمتنى الدنيا /
_cفايزة احمد
260 _a[S.N] :
_bلا يوجد
490 _a
650 0 4 _aشرائط كاسيت
942 _2ddc
_cBK
999 _c34218
_d34218